| 000 | 00902cam a22002531 4500 | ||
|---|---|---|---|
| 001 | e 12000672 | ||
| 003 | DLC | ||
| 005 | 20260227111157.0 | ||
| 008 | 790611r1905uuuuxx 000 0 eng c | ||
| 010 | _ae 12000672 | ||
| 035 | _a(OCoLC)5056101 | ||
| 040 |
_aU.S. off. of educ. Library _cOCl _dOCoLC _dDLC |
||
| 042 | _apremarc | ||
| 050 | 0 | 0 |
_aLC189 _b.H3 |
| 100 | 1 |
_aHewett, Edgar L. _q(Edgar Lee), _d1865-1946. |
|
| 245 | 1 | 0 |
_aEthnic factors in education, _cby Edgar L. Hewett. |
| 260 |
_aLancaster, Pa., _bThe New era printing company, _c1905. |
||
| 300 |
_a16 p. _c25 cm. |
||
| 500 | _aCover-title. | ||
| 500 | _aRead before the Section of social and economic sciences, A.A.A.S., at the Philadelphia meeting, December, 1904-January, 1905. | ||
| 500 | _aReprinted from the American anthropologist (n.s.), vol. 7, no. 1, January-March, 1905. | ||
| 650 | 0 | _aEducation. | |
| 650 | 0 | _aEthnology. | |
| 999 |
_c19325 _d19325 |
||